| 000 | 00788nam a2200229 4500 | ||
|---|---|---|---|
| 999 |
_c8481 _d8481 |
||
| 001 | 22094 | ||
| 003 | BD-DhUAP | ||
| 005 | 20240324121601.0 | ||
| 008 | 240324b20012010ii d|||| |||| 001 0 eng d | ||
| 020 | _a9780521149174 (pb) | ||
| 040 |
_aBD-DhAAL _beng _cBD-DhUAP _dBD-DhUAP |
||
| 082 |
_221 _a418.0071 WOO |
||
| 100 | _aWoodward, Tessa. | ||
| 245 |
_aPlanning lessons and courses : _bdesigning sequences of work for language classes / _cTessa Woodward. |
||
| 260 |
_aNew York : _bCambridge University Press, _c2001. |
||
| 300 |
_axv, 249 p. : _bill. ; _c23 cm. |
||
| 440 | _aCambridge handbooks for language teachers. | ||
| 504 | _aIncludes bibliographical references and index. | ||
| 650 |
_aLanguage and languages _xStudy and teaching. |
||
| 650 | _aLesson planning. | ||
| 942 |
_2ddc _cBK |
||